Score 0/30 Timer 05:00
1 Play Today
% Correct
begin
95.8%
bacon
95.5%
barn
95.4%
beautician
95.2%
bargain
95%
balloon
94.9%
broken
94.8%
bogeyman
94.7%
baseman
94%
badminton
93.9%
backgammon
93.6%
bulletin
93.5%
boomtown
93.4%
bonbon
93.3%
bandwagon
93.1%
% Correct
broaden
93%
biodegradation
92.9%
button
92.6%
battalion
92.5%
baton
92.5%
beckon
92.5%
burden
92.4%
basin
92%
benefaction
90.9%
bin
90.8%
biathlon
90.8%
buffoon
90.7%
bunion
90.5%
barren
88.7%
bumpkin
83.3%

You're not logged in!

Compare scores with friends on all Sporcle quizzes.
OR
Log In

Sporcle TV

Today on Sporcle TV


Watch our educational content, quiz creation guides, and fun videos on Sporcle TV.

Show Comments

Extras

Top Quizzes Today


Score Distribution

Paid Content

Your Account Isn't Verified!

In order to create a playlist on Sporcle, you need to verify the email address you used during registration. Go to your Sporcle Settings to finish the process.

Report this User

Report this user for behavior that violates our Community Guidelines.

Details: